MyGZULibrary

Hungochani : (Record no. 7918)

MARC details
000 -LEADER
fixed length control field 01564cam a22003974a 4500
001 - CONTROL NUMBER
control field 14042632
003 - CONTROL NUMBER IDENTIFIER
control field GZU
005 - DATE AND TIME OF LATEST TRANSACTION
control field 20210513103452.0
008 - FIXED-LENGTH DATA ELEMENTS--GENERAL INFORMATION
fixed length control field 050719s2004 qucabc b 001 0 eng c
010 ## - LIBRARY OF CONGRESS CONTROL NUMBER
LC control number 2005415852
016 ## - NATIONAL BIBLIOGRAPHIC AGENCY CONTROL NUMBER
Record control number 20049019481
020 ## - INTERNATIONAL STANDARD BOOK NUMBER
International Standard Book Number 0773527508 (cloth)
020 ## - INTERNATIONAL STANDARD BOOK NUMBER
International Standard Book Number 0773527516 (pbk.)
035 ## - SYSTEM CONTROL NUMBER
System control number (OCoLC)ocm54905608
040 ## - CATALOGING SOURCE
Original cataloging agency PUL
Transcribing agency PUL
Modifying agency NLC
-- TXH
-- IBS
-- OCL
-- DLC
042 ## - AUTHENTICATION CODE
Authentication code pcc
043 ## - GEOGRAPHIC AREA CODE
Geographic area code fs-----
050 00 - LIBRARY OF CONGRESS CALL NUMBER
Classification number HQ76.3 EPP 2013
082 00 - DEWEY DECIMAL CLASSIFICATION NUMBER
Classification number 306.76/620968
Edition number 22
100 1# - MAIN ENTRY--PERSONAL NAME
Personal name Epprecht, Marc.
245 10 - TITLE STATEMENT
Title Hungochani :
Remainder of title the history of a dissident sexuality in southern Africa /
Statement of responsibility, etc. Marc Epprecht.
250 ## - EDITION STATEMENT
Edition statement 2nd ed.
260 ## - PUBLICATION, DISTRIBUTION, ETC.
Place of publication, distribution, etc. Montreal ;
-- Ithaca :
Name of publisher, distributor, etc. McGill-Queen's University Press,
Date of publication, distribution, etc. c2013.
300 ## - PHYSICAL DESCRIPTION
Extent xiii, 317 p. :
Other physical details ill., map, ports. ;
Dimensions 23 cm.
500 ## - GENERAL NOTE
General note Includes bibliography
504 ## - BIBLIOGRAPHY, ETC. NOTE
Bibliography, etc. note Includes bibliographical references (p. [277]-306) and index.
505 0# - FORMATTED CONTENTS NOTE
Formatted contents note "Traditions" -- Cities -- Outlaws -- Towns -- Fear and loathing : settlers -- Fear and loathing : African transitions -- Contagion! -- Politics.
650 #0 - SUBJECT ADDED ENTRY--TOPICAL TERM
Topical term or geographic name entry element Homosexuality
Geographic subdivision Africa, Southern.
650 #0 - SUBJECT ADDED ENTRY--TOPICAL TERM
Topical term or geographic name entry element Male homosexuality
Geographic subdivision Africa, Southern
General subdivision History.
650 #6 - SUBJECT ADDED ENTRY--TOPICAL TERM
Topical term or geographic name entry element Homosexualité
Geographic subdivision Afrique australe.
650 #6 - SUBJECT ADDED ENTRY--TOPICAL TERM
Topical term or geographic name entry element Homosexualité masculine
Geographic subdivision Afrique australe
General subdivision Histoire.
856 42 - ELECTRONIC LOCATION AND ACCESS
Materials specified Book review (H-Net)
Uniform Resource Identifier <a href="http://www.h-net.org/review/hrev-a0f1m5-aa">http://www.h-net.org/review/hrev-a0f1m5-aa</a>
906 ## - LOCAL DATA ELEMENT F, LDF (RLIN)
a 7
b cbc
c pccadap
d 2
e ncip
f 20
g y-gencatlg
942 ## - ADDED ENTRY ELEMENTS (KOHA)
Source of classification or shelving scheme Library of Congress Classification
Koha item type Books
Edition 2nd ed.
Classification part 76.3
Item part EPP
Call number prefix HQ
Holdings
Withdrawn status Lost status Source of classification or shelving scheme Damaged status Not for loan Collection code Home library Current library Shelving location Date acquired Total Checkouts Full call number Barcode Date last seen Date last checked out Copy number Price effective from Koha item type
    Library of Congress Classification     Non-fiction Gender Resource Centre Gender Resource Centre General Stacks 05/13/2021 1 HQ76.3 EPP 2013 001166 02/03/2022 11/18/2021 c.1 05/13/2021 Books